Loading...
Science - Other Science | 0 | 9 | 0 | 0 | 90 | 33 | 74.44 | 2 | 9 |
Philosophy | 0 | 8 | 2 | 1 | 70 | 21 | 77.00 | 4 | 7 |
Science - Physics | 0 | 7 | 1 | 1 | 65 | 52 | 79.57 | 1 | 6 |
Social Science | 0 | 7 | 2 | 2 | 60 | 57 | 88.29 | 3 | 7 |
Fine Arts - Other Fine Arts | 0 | 6 | 0 | 4 | 60 | 100 | 126.33 | 2 | 4 |
Literature - World Literature | 0 | 5 | 0 | 0 | 50 | 49 | 96.60 | 1 | 3 |
History - American History | 0 | 6 | 2 | 2 | 50 | 72 | 104.00 | 0 | 4 |
Literature - European Literature | 0 | 5 | 1 | 0 | 45 | 62 | 104.60 | 0 | 5 |
Other | 0 | 4 | 1 | 0 | 35 | 56 | 73.75 | 1 | 4 |
History - European History | 0 | 4 | 1 | 2 | 35 | 50 | 109.00 | 0 | 2 |
Science - Chemistry | 0 | 4 | 1 | 1 | 35 | 104 | 115.50 | 0 | 3 |
Literature - American Literature | 0 | 4 | 1 | 0 | 35 | 64 | 82.50 | 1 | 4 |
History - World History | 0 | 3 | 0 | 0 | 30 | 72 | 99.00 | 1 | 2 |
Science - Biology | 0 | 3 | 0 | 2 | 30 | 107 | 114.67 | 0 | 2 |
Mythology | 0 | 3 | 1 | 0 | 25 | 93 | 108.67 | 1 | 3 |
Religion | 0 | 3 | 2 | 0 | 20 | 108 | 112.67 | 1 | 1 |
Literature - British Literature | 0 | 3 | 2 | 0 | 20 | 98 | 102.67 | 0 | 3 |
Fine Arts - Painting & Sculpture | 0 | 2 | 1 | 0 | 15 | 80 | 108.00 | 1 | 1 |
Fine Arts - Classical Music | 0 | 2 | 1 | 0 | 15 | 104 | 112.50 | 0 | 1 |
History - Other History | 0 | 1 | 2 | 0 | 0 | 130 | 130.00 | 0 | 1 |